How to Become an Animated Character Quiz Stats

 Plays Quiz Updated Sep 8, 2015

Challenge
Share
Tweet
Embed
Score 0/20 Timer 05:00
7 Plays Today
% Correct
Popeye
96.3%
Yogi Bear
95.8%
Cinderella
95.5%
Nemo
93.5%
Cruella de Vil
93.4%
George Jetson
92.9%
Wile E. Coyote
92.7%
Aladdin
89.1%
Marvin the Martian
88.9%
Papa Smurf
88.6%
% Correct
Carl Fredricksen
88.5%
Fred Jones
87.4%
Montgomery Burns
83.7%
WALL-E
81.7%
Kristoff
78.9%
Gru
77.6%
Phineas Flynn
77.5%
Phillip J. Fry
75.5%
James P. Sullivan
73.5%
Tow Mater
67.9%

You're not logged in!

Compare scores with friends on all Sporcle quizzes.
Join for Free
OR
Log In

You Might Also Like...

Show Comments

Extras

Top Quizzes Today


Score Distribution

Your Account Isn't Verified!

In order to create a playlist on Sporcle, you need to verify the email address you used during registration. Go to your Sporcle Settings to finish the process.

Report this User

Report this user for behavior that violates our Community Guidelines.

Details: